| 000 | 00409nam a22001697a 4500 | ||
|---|---|---|---|
| 999 |
_c6357 _d6355 |
||
| 005 | 20210825140745.0 | ||
| 008 | 200520b xxu||||| |||| 00| 0 eng d | ||
| 020 | _a9788174734419 | ||
| 041 | _aeng | ||
| 082 | _a612 KUM | ||
| 100 |
_aKUMAR,N _95159 |
||
| 245 | _a ANATOMY, PHYSIOLOGY AND HEALTH EDUCATION | ||
| 260 |
_aDelhi _bAITBS PUBLISHERS |
||
| 300 | _a516p. | ||
| 650 |
_aPharmacy _96631 |
||
| 942 | _cBK | ||